00726cam a2200229 a 4500001000800000005001700008008004100025020001600066040001800082082002000100100001900120245006200139260009300201300001600294500002000310650001400330650001400344700002800358942000600386952009100392999001300483299261520240221051824.0921023s1991 ii b 011 0 eng  a8120203194  aDLCcDLCdDLC00a320.5220bSOC.1 aLimaye, Madhu.10aSocialist communist interaction in India /cMadhu Limaye. aDelhi :bAjanta Publications (India) :bDistributors, Ajanta Books International,c1991. ax, 393 p. ; aIncludes index. 0aSocialism 0aCommunism1 aFernandes, George,eedt cL 001040708LaWERCLbWERCLd2024-02-21l0o320.5 SOC.p539r2024-02-21w2024-02-21yL c455d455